Sports Quiz

Random Sports or Basketball Quiz

NBA Most Rebounds w/o 10 RPG Season Quiz Stats

 Plays Quiz Updated Jul 12, 2012

Challenge
Share
Tweet
Embed
Score 0/20 Timer 05:00
0 Plays Today
Total Rebounds Player % Correct
8734 *Dirk Nowitzki
92.1%
6672Michael Jordan
49.2%
8402*Jason Kidd
45.6%
7494Scottie Pippen
45%
7122Kevin McHale
41.3%
7169Dominique Wilkins
38.4%
6677Clyde Drexler
30.8%
6575 Joe Smith
30.7%
7321Rasheed Wallace
25.1%
9473A.C. Green
24.8%
Total Rebounds Player % Correct
7420*Juwan Howard
23.4%
8007John Havlicek
21.5%
6703Tom Chambers
16.8%
8409P.J. Brown
14.2%
7666Sam Perkins
11.6%
7023Detlef Schrempf
7.9%
6937Alvan Adams
6.6%
6750Tree Rollins
6.4%
7352Larry Nance
5.2%
6957Rick Mahorn
2%

You're not logged in!

Compare scores with friends on all Sporcle quizzes.
Join for Free
OR
Log In

You Might Also Like...

Show Comments

Extras

Top Quizzes Today


Score Distribution

Your Account Isn't Verified!

In order to create a playlist on Sporcle, you need to verify the email address you used during registration. Go to your Sporcle Settings to finish the process.

Report this User

Report this user for behavior that violates our Community Guidelines.

Details: